000 00247nam a2200097Ia 4500
001 1300290
005 20260420095901.0
008 260420s9999 xx 000 0 und d
245 0 _aHUCKLEBERRY FINN
_cMARK TWAIN
260 _bTİMAŞ ÇOCUK YAYINLARI
999 _c1300290
_d1300290